ARTIFICIAL INTELLIGENCE AND INTERNATIONAL HUMAN RI (Record no. 7887)

MARC details
000 -LEADER
fixed length control field 00325nam a2200133Ia 4500
008 - FIXED-LENGTH DATA ELEMENTS--GENERAL INFORMATION
fixed length control field 260604s9999 xx 000 0 und d
020 ## - INTERNATIONAL STANDARD BOOK NUMBER
International Standard Book Number 9781035337927
082 ## - DEWEY DECIMAL CLASSIFICATION NUMBER
Classification number 004 BAL
100 ## - MAIN ENTRY--PERSONAL NAME
Personal name BALCERZAK
9 (RLIN) 35128
245 #0 - TITLE STATEMENT
Title ARTIFICIAL INTELLIGENCE AND INTERNATIONAL HUMAN RI
260 ## - PUBLICATION, DISTRIBUTION, ETC.
Name of publisher, distributor, etc. EDWARD
500 ## - GENERAL NOTE
General note IT, AI
942 ## - ADDED ENTRY ELEMENTS (KOHA)
Koha item type Book
Holdings
Date last seen Total Checkouts Full call number Barcode Cost, replacement price Price effective from Koha item type Lost status Damaged status Not for loan Withdrawn status Home library Current library Shelving location Date acquired Cost, normal purchase price BOOK NO
06/04/2026   004 BAL 003505 15280.05 06/04/2026 Book         Indian Institute of Management Visakhapatnam Indian Institute of Management Visakhapatnam   06/04/2026 15280.05 BAL

Copyright © 2024 Indian Institute of Management Visakhapatnam
Koha v23.05